Riconosci il Pokémon - Quiz n°61 - Statistics

Statistiche generali
  • Questo quiz è stato fatto 4 volte
  • Il punteggio medio è 10 su 10
Statistiche sulle risposte
Indizio Risposta % Corretto
Altezza 0,4 m
100%
Tasso di cattura 255 (43.9%)
100%
Sesso 50% ♂, 50% ♀
100%
Peso 4,1 kg
100%
Stadio evoluzione Forma Base
100%
Tasso di allevamento Medio-Lento
100%
Tipo Normale
100%
Generazione Quinta
100%
Abilità Spiritovivo; Raccolta; Fugafacile
100%
Pokémon Lillipup
75%
Nessun quiz corrispondente trovato
Distribuzione punteggi
Percentuale di utenti per punteggio
Percentile per numero di risposta
I tuoi punteggi nel tempo
Non hai fatto questo quiz